000 00435cam a2200193ua 4500
001 8401
008 150129n ii |||gr||||Z||||||eng
020 _a8175810920
040 _cMAIN
041 _aeng
082 _a824
100 _aLall, R.,
_eAuthor.
245 1 _aEssays of Elia
_cBy Ramji Lall
250 _a26th rev.
260 _aNew Delhi:
_bRama,
_c1999.
300 _alviii,310p.
653 _aEnglish essays
942 _cBK
999 _c7510
_d7510